000 00293nam a2200109Ia 4500
008 190216s9999||||xx |||||||||||||| ||und||
100 _aMinistry Of Education
245 0 _aHindi-Hindi Words Coommon To Other Indian Languages
260 _bMinistry Of Education
650 _aHindi
942 _cBK
999 _c15566
_d15566